000 00786nam a2200229 a 4500
001 BRL_768
005 20190320210904.0
008 041013s1988----nyua######---#000-0#eng-#
020 _a0883210584
041 _aeng
044 _anyu
050 4 _aTX783
_b.C66 1988
245 1 0 _aThe confectioner’s art
_bAmerican Craft Museum, November 11, 1988-January 8, 1989
_csponsored by Nestlé Chocolate
260 _aNew York
_bAmerican Craft Council
_c1988
300 _a91 p.
_bil. algunas a color.
_c22 cm.
500 _aAu894
500 _aCatálogo de la exposición realizada en el American Craft Museum (New York), november 11, 1988- january 8, 1989.
650 1 4 _aConfitería
_vExposiciones
_924887
650 1 4 _aRepostería
_vExposiciones
_924888
902 _aGRL
942 _2lcc
_cB
999 _c9580
_d9580